[Event "Unterfranken-ch HB 58th"]
[Site "Wuerzburg"]
[Date "2007.04.13"]
[Round "7"]
[White "Wolz, Andreas"]
[Black "Thiem, Simon"]
[Result "0-1"]
[WhiteElo "1414"]
[BlackElo "1480"]
[PlyCount "76"]
[EventDate "2007.04.09"]
[EventType "swiss"]
[EventRounds "9"]
[EventCountry "GER"]
[SourceTitle "EXT 2015"]
[Source "ChessBase"]
[SourceDate "2014.11.20"]
[SourceVersion "1"]
[SourceVersionDate "2014.11.20"]
[SourceQuality "1"]

1. d4 e6 2. c4 Bb4+ 3. Bd2 Bxd2+ 4. Qxd2 f5 5. g3 d6 6. Bg2 Nf6 7. Nc3 Nbd7 8. Nf3 0-0 9. 0-0 Ne4 10. Qc2 Ndf6 11. Nd2 d5 12. f3 Nxd2 13. Qxd2 dxc4 14. f4 Rb8 15. e4 b5 16. b4 Bb7 17. Rfe1 a6 18. h3 Qe7 19. exf5 Bxg2 20. Kxg2 Qxb4 21. fxe6 Nd5 22. Ne4 Rb6 23. Qxb4 Nxb4 24. Nc5 Rd6 25. Re4 Nc2 26. Rd1 Re8 27. f5 c3 28. Nd7 Nb4 29. Rc1 Nxa2 30. Rc2 b4 31. Nc5 Rd5 32. Rxa2 Rxc5 33. dxc5 b3 34. Ra3 c2 35. Rc4 b2 36. Rxc2 b1Q 37. Rca2 Qxf5 38. Rxa6 Rxe6 0-1

[Event "Unterfranken-ch HA 57th"]
[Site "Prichsenstadt"]
[Date "2006.04.19"]
[Round "4"]
[White "Wolz, Andreas"]
[Black "Ziegler, Georg"]
[Result "1-0"]
[WhiteElo "1346"]
[BlackElo "800"]
[PlyCount "38"]
[EventDate "2006.04.17"]
[EventType "swiss"]
[EventRounds "9"]
[EventCountry "GER"]
[SourceTitle "EXT 2015"]
[Source "ChessBase"]
[SourceDate "2014.11.20"]
[SourceVersion "1"]
[SourceVersionDate "2014.11.20"]
[SourceQuality "1"]

1. d4 d5 2. c4 Nf6 3. Nc3 e6 4. Bg5 c6 5. e3 h6 6. Bh4 Nbd7 7. Nf3 Bd6 8. cxd5 cxd5 9. Rc1 Ne4 10. Bxd8 Kxd8 11. Bd3 f5 12. Nb5 Bb4+ 13. Nc3 Ndf6 14. Bxe4 fxe4 15. Ne5 Rf8 16. 0-0 b6 17. Nc6+ Kd7 18. Nxb4 Bb7 19. Qa4+ Ke7 1-0

[Event "Unterfranken-ch HA 57th"]
[Site "Prichsenstadt"]
[Date "2006.04.17"]
[Round "1"]
[White "Wolz, Andreas"]
[Black "Hofmann, Andreas"]
[Result "0-1"]
[WhiteElo "1346"]
[BlackElo "1745"]
[PlyCount "44"]
[EventDate "2006.04.17"]
[EventType "swiss"]
[EventRounds "9"]
[EventCountry "GER"]
[SourceTitle "EXT 2015"]
[Source "ChessBase"]
[SourceDate "2014.11.20"]
[SourceVersion "1"]
[SourceVersionDate "2014.11.20"]
[SourceQuality "1"]

1. d4 Nf6 2. c4 c5 3. dxc5 Qa5+ 4. Bd2 Qxc5 5. e3 g6 6. Nc3 Bg7 7. Nf3 d6 8. Be2 Be6 9. b3 0-0 10. Nd4 Bd7 11. 0-0 a6 12. Rc1 Nc6 13. Nxc6 Bxc6 14. Bf3 Rfc8 15. Nd5 Bxd5 16. cxd5 Qa3 17. Rxc8+ Rxc8 18. Qb1 Nd7 19. Bc1 Qc5 20. Bb2 Qc2 21. Be4 Qxb1 22. Rxb1 Bxb2 0-1